| 000 | 00435nam a22001697a 4500 | ||
|---|---|---|---|
| 003 | CEME | ||
| 005 | 20210628210512.0 | ||
| 008 | 210208b xxu||||| |||| 00| 0 eng d | ||
| 040 | _c. | ||
| 082 | _a621.3813 BAR | ||
| 100 |
_aCullen, A. L Barlow, H. M _979651 |
||
| 245 | _aMicrowave measurements | ||
| 260 |
_aLONDON _bCONSTANBLE AND COMPANY _c1950 |
||
| 300 | _a397P | ||
| 650 |
_aMEASUREMENTS-MICROWAVE _979652 |
||
| 942 |
_cBK _2ddc |
||
| 999 |
_c584671 _d584671 |
||